عرض عادي
عرض مارك
- Physiology
مدخل مصطلح موضوعي
001 - رقم الضبط
- حقل الضبط: 73906
003 - معرف رقم الضبط
- حقل الضبط: OSt
005 - تاريخ ووقت أخر عملية
- حقل الضبط: 20190730183747.0
008 - عناصر بيانات ثابتة الطول
- حقل تحكم ثابت الطول: 190730|| aca||aabn | a|a d
040 ## - مصدر الفهرسة
- هيئة الفهرسة الأصلية: OSt
- وكالة الكتابة: OSt
150 ## - مدخل-- مصطلح تاريخي
- عنصر مدخل المصطلح الموضوعي او الاسم الجغرافي: Physiology
- تفريع عام: Study and teaching (Higher)
670 ## - بيانات المصدر موجوده
- الاستشهاد بالمصدر: Work cat.: (OSt): Hill, Richard W. 73904, Animal physiology /, 2018
